Language Quiz

Random Language or Letter Quiz
Score 0/30 Timer 02:00
0 Plays Today
Present Tense Past Tense % Correct
FindFound
99.3%
EatAte
98.7%
ForgetForgot
98.5%
IsWas
98.3%
HasHad
98.1%
TellTold
98%
BlowBlew
97.9%
LeaveLeft
97.5%
ShakeShook
97%
TeachTaught
96.5%
StealStole
96.3%
BreakBroke
96.3%
HearHeard
95.7%
WakeWoke
95.1%
SaySaid
94.6%
Present Tense Past Tense % Correct
MeetMet
94.3%
GoWent
94.1%
BuyBought
94%
TearTore
93.2%
LightLit
93.2%
DrawDrew
92.8%
CreepCrept
92.4%
Weep Wept
92%
DoDid
89.2%
ThinkThought
88.7%
LayLaid
86.9%
SeekSought
86.6%
FleeFled
83.3%
StrikeStruck
80%
ForbidForbade
78.9%
Remove Ads.
Support Sporcle.
Get the best of Sporcle when you Go Orange. This ad-free experience offers more features, more stats, and more fun while also helping to support Sporcle. Thank you for becoming a member.

You're not logged in!

Compare scores with friends on all Sporcle quizzes.
OR
Log In

Show Comments

Extras

Top Quizzes Today


Score Distribution

Your Account Isn't Verified!

In order to create a playlist on Sporcle, you need to verify the email address you used during registration. Go to your Sporcle Settings to finish the process.

Report this User

Report this user for behavior that violates our Community Guidelines.

Details: